000 00767nam a2200217Ii 4500
003 JO-AjNU
008 230605s9999||||xx |||||||||||||| ||und||
017 _a2007/6/1688
040 _aJO-AjNU
_bara
_erda
_cJO-AjNU
041 _aara
050 1 4 _aQA76.76.W56 Q27 2008
100 3 _a قطاش، عبد الحفيظ إبراهيم ,
_eauthor
_927649
245 0 0 _aمشاكل وحلول ويندز XP:دراسة حديثة حول مشاكل وحلول نظام التشغيل ويندزXP
250 _aط1
264 3 1 _aعمان:مؤسسة الوراق، 2008
300 _a260ص
336 _atext
_btxt
_2rdacontent
337 _aunmediated
_bn
_2rdamedia
338 _avolume
_bnc
_2rdacarrier
650 4 _a ويندوز (برامج حاسبات) 
_927650
999 _aA10631
_c14199
_d14199